000 01490nam a22002297a 4500
999 _c60115
_d60115
003 Ge_BSU
005 20230609132324.0
008 230609s2012 ge ||||| |||| 00| 0 geo d
020 _a9789941176616
041 _ageo
080 _a821.353.1.09+94(479.22) მ-97
245 _aმშვენიერების ძიებაში : რევაზ სირაძე-75 :
_b(საიუბილეო კრებული) /
_cსაქ. საპატრიარქოს წმ. ანდრია პირველწოდებულის სახ. ქართ. უნ-ტი ; [შეადგინა გიორგი ალიბეგაშვილმა ; სარედ. კოლ.: სერგო ვარდოსანიძე [და სხვ.]].
264 _aთბილისი :
_bუნივერსალი,
_c2012.
300 _a184 გვ. ;
_b20 სმ.
653 _aსირაძე, რევაზ.
653 _aლიტერატურის ისტორია და კრიტიკა
653 _a ქართული ლიტერატურა
700 _aალიბეგაშვილი, გიორგი
_eშემდგ.-რედაქტორი
_918592
700 _aვარდოსანიძე, სერგო
_eრედაქტორი
_918593
700 _aმეტრეველი, როინ და სხვ.
_eრედაქტორი
_918594
942 _2udc
_cBK